Thermoplastic vulcanizates based on polyethylene and styrene-butadiene rubber. Part.1. Theoretical aspects (Record no. 71294)

MARC details
000 -LEADER
fixed length control field 00542nam a2200181Ia 4500
100 ## - MAIN ENTRY--AUTHOR NAME
Personal name Dubinin S
245 #0 - TITLE STATEMENT
Title Thermoplastic vulcanizates based on polyethylene and styrene-butadiene rubber. Part.1. Theoretical aspects
260 ## - PUBLICATION, DISTRIBUTION, ETC. (IMPRINT)
Name of publisher Kautschuk Gummi Kunststoffe
Year of publication 2011
300 ## - PHYSICAL DESCRIPTION
Number of Pages 20-23
650 ## - SUBJECT ADDED ENTRY--TOPICAL TERM
Topical Term Compatibility
650 ## - SUBJECT ADDED ENTRY--TOPICAL TERM
Topical Term Polyethylene
650 ## - SUBJECT ADDED ENTRY--TOPICAL TERM
Topical Term Styrene-butadiene rubber
650 ## - SUBJECT ADDED ENTRY--TOPICAL TERM
Topical Term Thermoplastic elastomer
700 ## - ADDED ENTRY--PERSONAL NAME
Personal name Duchacek V
700 ## - ADDED ENTRY--PERSONAL NAME
Personal name Hrdlicka Z
942 ## - ADDED ENTRY ELEMENTS (KOHA)
Koha item type Journals
Holdings
Withdrawn status Lost status Damaged status Not for loan Home library Current library Shelving location Date acquired Serial Enumeration / chronology Koha item type
      Journals RRII Library RRII Library Rubber technology 04/08/2011 Volume 64, Issue 6 Journals